Anglicko-český a česko-anglický slovník výpočetní techniky a informačních technologií [nejrozsáhlejší slovník v oboru

Na minha lista:
Detalhes bibliográficos
Autor principal: Hynek, Jiří
Outros Autores: Vítkovský, Radmil
Formato: Livro
Idioma:tcheco
inglês
Publicado em: Plzeň FRAUS 2000
Colecção:Edice Speciál
Assuntos:
Tags: Adicionar Tag
Sem tags, seja o primeiro a adicionar uma tag!

MARC

LEADER 00000nam a2200000 4500
001 c123821
005 20240104114542.6
020 |a 80-7238-070-2 
041 0 |a cze 
041 0 |a eng 
044 |a CZ 
245 1 0 |a Anglicko-český a česko-anglický slovník výpočetní techniky a informačních technologií  |b [nejrozsáhlejší slovník v oboru  |c Jiří Hynek, Radmil Vítkovský 
264 1 |a Plzeň  |b FRAUS  |c 2000 
300 |a 518 s. 
490 1 |a Edice Speciál 
830 0 |a Edice Speciál 
610 2 0 |a jazykoveda 
610 2 0 |a terminológia 
610 2 0 |a technika výpočtová 
610 2 0 |a technológie informačné 
100 1 |a Hynek, Jiří 
700 1 |a Vítkovský, Radmil